01282cam a22003135i 4500999001700000001001000017003000900027005001700036008004100053020002100094040003100115043001200146082002600158100002800184245010100212264005500313300002300368336002600391337002800417338002700445500009800472504004100570650007600611650006800687653002600755710003800781942001200819952013700831 c28728d28699009428747EG-ScBUE20200915150819.0830425s1982 enk f b 000 0 eng d a0563165642 (pbk) aUkbengerdacUkdEG-ScBUE ae-uk---04a658.02207041bBAR2221 aBarrow, Colin,eauthor.14aThe small business guide :bsources of information for new and small businesses /cColin Barrow. 1aLondon :bBritish Broadcasting Corporation,c1982. a254 pages ;c21 cm atextbtxt2rdacontent aunmediatedbn2rdamedia avolumebnc2rdacarrier a"First published in conjunction with the BBC Television series Business Club” _ t.p. verso. aIncludes bibliographical references. 7aSmall businesszGreat BritainxManagementxInformation services.2BUEsh 7aSmall businesszGreat BritainxManagementxBibliography.2BUEsh bBUSADMcSeptember20202 aBritish Broadcasting Corporation. 2ddccBB 00102ddc40708unknownaMAINbMAINc1STd2020-09-15ePurchasel0o658.02207041 BARp000049676r2025-07-15 00:00:00w2020-09-15yBB